000 00916 a2200241 4500
999 _c11115
_d11115
020 _a9781412976411 (pbk.)
050 0 0 _aHM1033
_bHUT 2011
100 _aHutchison, Elizabeth D
_eauthor
245 0 0 _aDimensions of human behavior /
_cElizabeth D. Hutchison and contributors.
250 _afouth edition
264 _aLos Angeles :
_b Sage Publications,
_c2008
300 _axxv, 539 pages
_billustrations
336 _2rdacontent
_atext
_btxt
337 _2rdamedia
_aunmediated
_bn
338 _2rdacarrier
_avolume
_bnc
504 _aIncludes bibliographical references and index.
650 0 _aSocial psychology.
650 0 _aHuman behavior.
650 0 _aSocial structure.
650 0 _aSocial service.
942 _2lcc
_cBK
_h1033
_iHUT
_kHM